000
00377cam a2200169ua 4500
041
_a
eng
_h
082
_a
828.09
_b
MAS/WI
100
_a
Masfield, John .
245
_a
William shakespeare
250
_a
1 /
_b
.
260
_a
Melbourne :
_b
William Heinemann Ltd ,
_c
1961.
300
_a
184 ; .
504
_a
942
_c
BK
999
_c
7667
_d
7667